000 00322nam a22001337a 4500
008 171023b xxu||||| |||| 00| 0 eng d
020 _a9780471076490
041 _aeng
080 _a311
100 _a55
101 _asta
245 _aEXPLORING DIFFERENTIAL EQUATIONS VIA GRAPHICS AND DATA
_cLOMEN, D
942 _2udc
_cBK
999 _c35609
_d35609